| 000 | 00395nam a2200157Ia 4500 | ||
|---|---|---|---|
| 008 | 210716s1988 xx 000 0 und d | ||
| 020 | _a74518089 | ||
| 041 | _aeng | ||
| 082 | _a005.362 OBES | ||
| 100 | _aOberoi, Sundeep. | ||
| 245 |
_aBasic: made easy. _bMade easy. |
||
| 250 | _a1 | ||
| 260 |
_aNew Delhi _bTata McGraw Hill Publishing Company Ltd _c1988 |
||
| 300 | _a114 | ||
| 650 | _aNone | ||
| 999 |
_c181285 _d181285 |
||